[Event "Subang Jaya op 12th"]
[Site "Subang Jaya"]
[Date "2024.01.27"]
[Round "4"]
[White "Yap, Ray Jin"]
[Black "Azhar, Puteri Delisya Zhan"]
[Result "0-1"]
[WhiteElo "1241"]
[BlackElo "1390"]
[PlyCount "94"]
[EventDate "2024.01.27"]
[EventType "swiss"]
[EventRounds "8"]
[EventCountry "MAS"]
[SourceTitle "CB06_2024"]
[SourceDate "2024.02.07"]
[SourceVersion "1"]
[SourceVersionDate "2024.02.07"]
[SourceQuality "1"]

1. e4 e5 2. Nf3 Nc6 3. Bc4 Bc5 4. c3 d6 5. 0-0 Bg4 6. d3 h6 7. h3 Bh5 8. Nbd2 Nf6 9. Re1 0-0 10. Nf1 a6 11. Bb3 Re8 12. Ng3 Bg6 13. Bc2 d5 14. exd5 Qxd5 15. Be3 Bxe3 16. Rxe3 Rad8 17. Qe2 Qd6 18. Re1 Nd5 19. Ne4 Qe7 20. Nxe5 Nxe5 21. Rg3 h5 22. Ng5 h4 23. Re3 Nxe3 24. Qxe3 Nc6 25. Qxe7 Rxe7 26. Rd1 Ne5 27. Nf3 Nxf3+ 28. gxf3 c5 29. c4 Re2 30. Bb1 Rxb2 31. a4 Rb3 32. Bc2 Rc3 33. Rd2 Rxc4 34. dxc4 Rxd2 35. Be4 Bxe4 36. a5 Ra2 37. fxe4 Rxa5 38. e5 Ra1+ 39. Kh2 a5 40. f4 a4 41. e6 fxe6 42. f5 a3 43. fxe6 a2 44. e7 Re1 45. Kg2 a1Q 46. e8R+ Rxe8 47. Kh2 Re2# 0-1